000 00359nam a22001337a 4500
008 180914b xxu||||| |||| 00| 0 eng d
020 _a9781883249670
041 _aeng
080 _a336
100 _a57
101 _aFIN
245 _aCorporate financial Strategy And Decision Making To Increade Sharehoider Value
_cBierman,H
942 _2udc
_cBK
999 _c47799
_d47799